| 000 | 00760nam a22001937a 4500 | ||
|---|---|---|---|
| 008 | 130309t xxu||||| |||| 00| 0 eng d | ||
| 020 | _a9-7801-9969-2484 | ||
| 082 |
_222 ed. _a344.4101 _bBLA |
||
| 100 |
_aEdited by Kidner,Richard _96908 |
||
| 245 |
_aBlackstone's Statutes on Employment law 2011-2012 / _cEdited by Richard Kidner |
||
| 250 | _a21 ed. | ||
| 260 |
_aUSA : _bOxford University press _c2011 |
||
| 300 |
_axiii, 469 P. ; _c24 cm. |
||
| 500 | _aIncludes Index | ||
| 650 |
_aEmployment law _96909 |
||
| 650 |
_aBlackstone's Statutes on Employment law 2011-2012 _97040 |
||
| 942 |
_2ddc _cBK |
||
| 999 |
_c5316 _d5316 |
||